Statistics for How Many Times Can You Type 12345 In 1 Miniute???

Click here to take the quiz!

General Stats

  • This quiz has been taken 14 times
  • The average score is 39 of 50

Answer Stats

#12345% Correct
112345
100%
212345
100%
1112345
90%
1512345
90%
1412345
90%
1312345
90%
1212345
90%
1012345
90%
912345
90%
812345
90%
712345
90%
612345
90%
512345
90%
412345
90%
312345
90%
2212345
80%
2512345
80%
2412345
80%
2312345
80%
2612345
80%
2112345
80%
1912345
80%
1812345
80%
1712345
80%
1612345
80%
2012345
80%
3912345
70%
4812345
70%
4712345
70%
4612345
70%
4512345
70%
4412345
70%
4312345
70%
4212345
70%
4112345
70%
4012345
70%
3612345
70%
3812345
70%
3712345
70%
3512345
70%
3412345
70%
3312345
70%
3212345
70%
3112345
70%
3012345
70%
2912345
70%
2812345
70%
2712345
70%
4912345
60%
5012345
60%

Score Distribution

Percentile by Number Answered

Percent of People with Each Score

Your Score History

You have not taken this quiz